000 01555nam a22002537a 4500
003 OSt
005 20210215175437.0
008 210215s2018 ck aocbgr|||| 00| 0dspa d
020 _a9789585971165
040 _aCO-JMCR
_cCO-JMCR
041 0 _aspa
082 0 4 _a333.731609861 /
_bA173v
_223
100 1 _aAcero Suárez, José,
_eautor
_913479
245 1 0 _aVisión causa-efecto de las cuencas hidrográficas de Colombia /
_cJosé Acero Suárez
260 _aBogotá :
_bSociedad Geográfica de Colombia,
_c2018
300 _a118 páginas :
_bilustraciones, fotografías, gráficos y mapas a color ;
_c22 cm.
490 0 _aExposiciones geográficas. Publicación aperiódica ;
_vN° 13
500 _aIncluye fotografía y datos biográficos del autor.
504 _aBibliografía: páginas: 117-118
505 0 _aAnálisis Ishikawa de causa-efecto: estrategia fundamental -- Nueva visión sobre la ordenación y manejo de cuencas hidrográficas -- Gestión de cuencas hidrográficas -- Ecosistemas de subpáramo y páramo: matriz de fecundación de nuestra hidrología -- Nuestros humedales: otro mortal descuido de estado -- Coberturas vegetales: abrigos protectores de las cuencas hidrográficas -- Aspectos administrativos -- Normatividad -- Análisis de caso: cuenca hidrográfica del Río Bogotá -- Propuesta para el primer atlas de cuencas hidrográficas de Colombia
650 1 4 _aCuencas hidrográficas
_xinvestigaciones
_zColombia
_913480
650 1 4 _aCuencas hidrográficas
_vestudio de casos
_zBogotá (Colombia)
_913481
942 _2ddc
_cBK
999 _c7191
_d7191